| 000 | 00605cam a22002173a 4500 | ||
|---|---|---|---|
| 001 | 37108 | ||
| 003 | PGUSA | ||
| 005 | 20140828083820.0 | ||
| 008 | 110816s2011||||xxu|||||s|||||000 | eng d | ||
| 040 |
_aPGUSA _beng |
||
| 042 | _adc | ||
| 100 | 1 |
_aWhitman, Walt, _d1819-1892 |
|
| 245 | 1 | 0 |
_aGesänge und Inschriften _h[electronic resource] / _cWalt Whitman |
| 260 |
_bProject Gutenberg, _c2011 |
||
| 506 | _aPublic domain in the USA. | ||
| 516 | _aElectronic text | ||
| 700 | 1 | _aLandauer, Gustav | |
| 830 | 0 |
_aProject Gutenberg _v37108 |
|
| 856 | 4 | 0 | _uhttp://www.gutenberg.org/ebooks/37108 |
| 942 | _cEB | ||
| 999 |
_c266363 _d266363 |
||